000 00499nam a2200217Ia 4500
005 20251020182512.0
008 200515s9999 xx 000 0 und d
020 _a84-239-9250-0
082 _a651.75/77/R31
110 _aReal Academia Española
245 0 _aOrtografía de la Lengua Española
260 _aMadrid
260 _bESPASA CALPE
260 _c2000
300 _a162 p.
300 _btbl.
500 _a1 ejemplar
650 _aORTOGRAFIA
942 _cLIB
999 _c1457
_d1457